ბათუმის შოთა რუსთაველის სახელმწიფო უნივერსიტეტის ბიბლიოთეკა

Растениеводство (ბიბ.ჩანაწერი № 45647)

000 -LEADER
fixed length control field 00545nam a2200205Ia 4500
001 - CONTROL NUMBER
control field 12473
003 - CONTROL NUMBER IDENTIFIER
control field GE_BSU
008 - FIXED-LENGTH DATA ELEMENTS--GENERAL INFORMATION
fixed length control field 181216s||||||||xx |||||||||||||| ||und||
040 ## - CATALOGING SOURCE
Transcribing agency GE_BSU
080 ## - UNIVERSAL DECIMAL CLASSIFICATION NUMBER
Universal Decimal Classification number 633(075.32)
100 ## - MAIN ENTRY--PERSONAL NAME
Personal name Берлянд,С.С. Крючев, Б.Д.
245 ## - TITLE STATEMENT
Title Растениеводство
245 ## - TITLE STATEMENT
Statement of responsibility, etc. Ред.В.Н.Озеров. Ю.Г.Челышкин
260 ## - PUBLICATION, DISTRIBUTION, ETC.
Place of publication, distribution, etc. Москва
260 ## - PUBLICATION, DISTRIBUTION, ETC.
Name of publisher, distributor, etc. Колос
260 ## - PUBLICATION, DISTRIBUTION, ETC.
Date of publication, distribution, etc. 1967
300 ## - PHYSICAL DESCRIPTION
Extent 654стр.22см.
653 ## - INDEX TERM--UNCONTROLLED
Uncontrolled term Растениеводство
942 ## - ADDED ENTRY ELEMENTS (KOHA)
Koha item type წიგნი
ეგზემპლარები
Withdrawn status Lost status Damaged status Not for loan Date acquired Barcode Date last seen Price effective from Koha item type
        2018-12-17 20695 2018-12-17 2018-12-17 წიგნი
        2018-12-17 20696 2018-12-17 2018-12-17 წიგნი